|
|
|
|
| LEADER |
00000cam a2200000 4500 |
| 001 |
vtls012269124 |
| 003 |
SK-MaSNL |
| 005 |
20260301152214.0 |
| 008 |
250110s2024 xo f g 000 p slo |
| 015 |
|
|
|a SNBA2025/02
|
| 020 |
|
|
|a 9788071406419
|q (viazané)
|
| 040 |
|
|
|a SNK
|b slo
|c SNK
|e rda
|
| 041 |
0 |
|
|a slo
|
| 044 |
|
|
|a xo
|c SK
|
| 072 |
|
7 |
|a 821.162.4-1
|x Slovenská poézia
|2 konspekt
|
| 080 |
|
|
|a 821.162.4-1
|2 2011
|
| 100 |
1 |
|
|a Hviezdoslav, Pavol Országh,
|d 1849-1921
|4 aut
|9 92721
|
| 245 |
1 |
0 |
|a Krvavé sonety
|c Pavol Országh Hviezdoslav
|
| 250 |
|
|
|a Prvé vydanie
|
| 264 |
|
1 |
|a Liptovksý Mikuláš
|b Tranoscius
|c 2024
|
| 300 |
|
|
|a 46 strán
|b čiernobiele ilustrované listy
|c 25 cm
|
| 336 |
|
|
|a text
|b txt
|2 rdacontent
|
| 337 |
|
|
|a bez média
|b n
|2 rdamedia
|
| 338 |
|
|
|a zväzok
|b nc
|2 rdacarrier
|
| 655 |
|
7 |
|a slovenská poézia
|2 SNKPH
|9 70444
|
| 655 |
|
7 |
|a Slovak poetry
|2 SNKPHeng
|9 265010
|
| 700 |
1 |
|
|a Uhel, Jaroslav,
|d 1954-
|4 ill
|4 aui
|9 113986
|
| 852 |
|
|
|a Slovenská národná knižnica
|
| 919 |
|
|
|a 978-80-7140-641-9
|
| 954 |
|
|
|a beletria pôvodná (slovenská)
|2 lita
|
| 958 |
|
|
|a LX
|
| 999 |
|
|
|c 788674
|d 790604
|
| 952 |
|
|
|a SNK
|b SNK
|y PREZ
|7 0
|p 17A1563218
|o snkSC 208866
|i snk2025/278
|8 0
|0 0
|1 0
|4 0
|d 2025-01-10
|f 1
|l 0
|r 2025-11-03 00:00:00
|w 2026-02-24
|
| 952 |
|
|
|a SNK
|b SNK
|y VYP
|7 0
|p 17A1563217
|o snkSC 208866 D1
|i snk2025/279
|8 0
|0 0
|1 0
|4 0
|d 2025-01-10
|l 0
|r 2026-02-24 01:28:05
|w 2026-02-24
|